000 00522nam a22001937a 4500
003 CEME
005 20210628203646.0
008 210121b xxu||||| |||| 00| 0 eng d
020 _a0-07-065904-4
040 _cceme
082 _a621.3 PAU
100 _aPaul, Clayton .R, Whites, Keith .W, Nasar, Syed .A
_966735
245 _aIntroduction to electromagnetic field
250 _a3RD
260 _aNEW DELHI
_bMCGRAW HILL
_c1998
300 _aXIX,758 P
650 _aELECTROMAGNETIC FIELDS
_910532
942 _cBK
_2ddc
999 _c574649
_d574649